000 00643nam a2200193 i 4500
001 26411
003 ES-MaACL
005 20230906153434.0
007 t|
008 030109s1925 sp ||||1| spa d
100 1 _aArtiñano y Galdácano, Pedro Miguel (
_d1879-1934)
_923487
245 1 0 _aRandas españolas
_b: un incunable para la historia de los encajes /
_cpor P.M. de Artiñano.
260 _a[S.l. :
_bs.n.,
_c1925]
300 _a60 p. ;
_c28 cm.
490 1 _aArchivo español de arte y arqueología
830 0 _aArchivo español de arte y arqueología
_9181041
852 _aES-MaACL
_j1692-F-16
_bR.3589
999 _c26411
_d26411